Detalles MARC
| 000 -LIDER |
| fixed length control field |
01586nam a2200349 a 4500 |
| 001 - NÚMERO DE CONTROL |
| Identificador de número de control |
000020381 |
| 003 - IDENTIFICACDOR DE NÚMERO DE CONTROL |
| control field |
DO-SdBNP |
| 005 - DATE AND TIME OF LATEST TRANSACTION |
| control field |
20180312134156.0 |
| 008 - ELEMENTOS DE LONGITUD FIJA |
| fixed length control field |
150130s2004 dr ac 000 0 spa d |
| 020 ## - ISBN |
| International Standard Book Number |
8482616838 |
| 040 ## - FUENTE DE CATALOGACIÓN |
| Agencia que crea de manera original el registro |
BPMSU |
| Idioma de catalogación |
spa |
| Agencia que realiza la transcripción |
BPMSU |
| 092 ## - LOCALLY ASSIGNED DEWEY DECIMAL CALL NUMBER |
| Número de clasificación |
372.7 |
| Número de ítem (Cutter) |
S237m, 5to 2004 |
| 100 1# - ASIENTO PRINCIPAL -- NOMBRE PERSONAL |
| Nombre personal |
Santos, Altagracia |
| 245 10 - MENCIÓN DE TITULO |
| Título |
Matemáticas 5 : |
| Subtítulo |
educación básica / |
| Mención de responsabilidad |
Altagracia Santos; editor Andrés Molina Moloon |
| 260 ## - PUBLICACIÓN, DISTRIBUCIÓN, ETC. (PIE DE IMPRENTA) |
| Lugar de publicación, distribución, etc |
Santo Domingo : |
| Nombre del editor, distribuidor, etc. |
Santillana, |
| Fecha de publicación, distribución, etc |
2004 |
| 300 ## - DESCRIPCIÓN FÍSICA |
| Extensión |
191 p. : |
| Otros detalles físicos |
il., retrs. |
| Dimensiones |
30 cm.+ CD-ROM |
| 490 1# - MENCIÓN DE SERIES |
| Mención de serie |
Ámbar |
| 500 ## - NOTA GENERAL |
| Nota general |
|
| 505 0# - NOTA DE CONTENIDO |
| Título |
Decenas de millón -- |
| -- |
Operaciones aritméticas -- |
| -- |
Múltiplos y divisores -- |
| -- |
Fracciones -- |
| -- |
Operar con fracciones |
| -- |
Los números decimales -- |
| -- |
Operar con Decimales -- |
| -- |
Razones y proporciones -- |
| -- |
El plano cartesiano -- |
| -- |
Ángulos -- |
| -- |
Congruencia y semejanza -- |
| -- |
Perímetros y áreas -- |
| -- |
Mediciones -- |
| -- |
Registro de datos -- |
| 650 #4 - ENCABEZAMIENTO DE MATERIA--TEMÁTICO |
| Término temático o nombre geográfico como elemento de entrada |
MATEMÁTICAS |
| Subdivisión temática general |
EDUCACIÓN ELEMENTAL |
| 650 #4 - ENCABEZAMIENTO DE MATERIA--TEMÁTICO |
| Término temático o nombre geográfico como elemento de entrada |
MATEMÁTICAS |
| Subdivisión temática general |
EDUCACIÓN BÁSICA |
| 650 #4 - ENCABEZAMIENTO DE MATERIA--TEMÁTICO |
| Término temático o nombre geográfico como elemento de entrada |
MATEMÁTICAS |
| Subdivisión temática general |
ESTUDIOS Y EJERCICIOS |
| 650 #4 - ENCABEZAMIENTO DE MATERIA--TEMÁTICO |
| Término temático o nombre geográfico como elemento de entrada |
EDUCACIÓN PRIMARIA |
| Subdivisión geográfica |
REPÚBLICA DOMINICANA |
| 650 #4 - ENCABEZAMIENTO DE MATERIA--TEMÁTICO |
| Término temático o nombre geográfico como elemento de entrada |
MATEMÁTICA |
| Subdivisión temática general |
LIBROS DE TEXTOS |
| 700 1# - ASIENTO SECUNDARIO -- NOMBRE PERSONAL |
| Nombre personal |
Molina Maloon, Andrés |
| Término de relación |
ed. |
| 700 1# - ASIENTO SECUNDARIO -- NOMBRE PERSONAL |
| Nombre personal |
Reyes Colón, Edward |
| Mención de responsabilidad |
il. |
| 830 #0 - ASIENTO SECUNDARIO DE SERIE--TÍTULO UNIFORME |
| Título uniforme |
Ámbar |
| 910 ## - VALIDACIÓN |
| Validación |
Validado. Control de calidad MFF |
| 942 ## - ADDED ENTRY ELEMENTS (KOHA) |
| Source of classification or shelving scheme |
Dewey Decimal Classification |
| Koha item type |
Libros |
| 945 ## - INFORMACIÓN DE PROCESAMIENTO LOCAL |
| Información de procesamiento local |
Remanejado para la BNPHU / 2018 VM |
| 956 ## - LOCAL ELECTRONIC LOCATION AND ACCESS (OCLC) |
| Nombre de host |
VMATEO |
| Número de acceso |
10 |
| Información de compresión |
20150707 |
| Inicio de sesión |
BPMSU |
| Procesador de solicitud |
00151 |